[Event "CAN-ch Post-Secondary A"]
[Site "Waterloo"]
[Date "2011.01.16"]
[Round "3.1"]
[White "Cheng, Bindi"]
[Black "Sankalp, Modwal"]
[Result "1-0"]
[WhiteElo "2485"]
[BlackElo "2244"]
[PlyCount "39"]
[EventDate "2011.01.15"]
[EventType "swiss"]
[EventRounds "4"]
[EventCountry "CAN"]
[SourceTitle "EXT 2022"]
[Source "ChessBase"]
[SourceDate "2021.10.06"]
[SourceVersion "1"]
[SourceVersionDate "2021.10.06"]
[SourceQuality "1"]

1. d4 Nf6 2. Bg5 e6 3. c3 Be7 4. Nd2 d6 5. e4 Nbd7 6. Ngf3 e5 7. Bd3 0-0 8. 0-0 h6 9. Bh4 Re8 10. Re1 b6 11. a4 Nh5 12. Bxe7 Rxe7 13. Bf1 c5 14. Nc4 exd4 15. cxd4 Qc7 16. dxc5 dxc5 17. Qd5 Nhf6 18. Qxa8 Re8 19. Nd6 Qxd6 20. e5 1-0

[Event "Quebec-ch op"]
[Site "Montreal"]
[Date "2010.07.30"]
[Round "8"]
[White "Kraiouchkine, Nikita"]
[Black "Sankalp, Modwal"]
[Result "1-0"]
[WhiteElo "2155"]
[BlackElo "2177"]
[PlyCount "63"]
[EventDate "2010.07.24"]
[EventType "swiss"]
[EventRounds "9"]
[EventCountry "CAN"]
[SourceTitle "CBM 137 Extra"]
[Source "ChessBase"]
[SourceDate "2010.09.01"]
[SourceVersion "1"]
[SourceVersionDate "2010.09.01"]
[SourceQuality "1"]

1. e4 c5 2. Nf3 d6 3. d4 cxd4 4. Nxd4 Nf6 5. Nc3 Nc6 6. Bg5 e6 7. Qd2 a6 8. 0-0-0 Bd7 9. f4 b5 10. Qe1 Be7 11. e5 Nxd4 12. Rxd4 dxe5 13. fxe5 Nd5 14. Bxe7 Qxe7 15. Nxd5 exd5 16. Qg3 0-0 17. Bd3 b4 18. Qh4 Qxh4 19. Rxh4 g6 20. Rxb4 Rfe8 21. Re1 f6 22. e6 Bxe6 23. Rb6 Kf7 24. Bxa6 Rab8 25. Rc6 f5 26. c4 Bd7 27. Rxe8 Kxe8 28. Rc5 d4 29. Bb5 Rb6 30. Re5+ Kd8 31. Rd5 Rb7 32. Rxd4 1-0

[Event "Quebec-ch op"]
[Site "Montreal"]
[Date "2010.07.27"]
[Round "5"]
[White "Sankalp, Modwal"]
[Black "Guichard, Pauline"]
[Result "0-1"]
[WhiteElo "2177"]
[BlackElo "2320"]
[PlyCount "50"]
[EventDate "2010.07.24"]
[EventType "swiss"]
[EventRounds "9"]
[EventCountry "CAN"]
[SourceTitle "CBM 137 Extra"]
[Source "ChessBase"]
[SourceDate "2010.09.01"]
[SourceVersion "1"]
[SourceVersionDate "2010.09.01"]
[SourceQuality "1"]

1. e4 c5 2. Nf3 e6 3. d4 cxd4 4. Nxd4 Nc6 5. Nc3 Qc7 6. Be3 a6 7. Qd2 Nf6 8. f3 Ne5 9. 0-0-0 Bb4 10. Nb3 b5 11. Bd4 Bb7 12. Kb1 Be7 13. Qf2 d6 14. g4 Rc8 15. Bb6 Qb8 16. Ba7 Qa8 17. g5 Nfd7 18. Bd4 b4 19. Na4 Nxf3 20. Qxf3 Bxe4 21. Qh3 Bxc2+ 22. Ka1 Qxh1 23. Rc1 Bxg5 24. Bg2 Qxc1+ 25. Nxc1 Bf5 0-1

[Event "Quebec-ch op"]
[Site "Montreal"]
[Date "2010.07.26"]
[Round "4"]
[White "Hambleton, Aman"]
[Black "Sankalp, Modwal"]
[Result "1-0"]
[WhiteElo "2131"]
[BlackElo "2177"]
[PlyCount "67"]
[EventDate "2010.07.24"]
[EventType "swiss"]
[EventRounds "9"]
[EventCountry "CAN"]
[SourceTitle "CBM 137 Extra"]
[Source "ChessBase"]
[SourceDate "2010.09.01"]
[SourceVersion "1"]
[SourceVersionDate "2010.09.01"]
[SourceQuality "1"]

1. d4 Nf6 2. c4 e5 3. dxe5 Ng4 4. Bf4 g5 5. Bg3 Bg7 6. Nf3 Nc6 7. e3 Ngxe5 8. Nxe5 Nxe5 9. Nc3 d6 10. Be2 Be6 11. Rc1 Qd7 12. Nb5 g4 13. c5 d5 14. c6 bxc6 15. Nd4 0-0 16. b3 h5 17. 0-0 Ng6 18. Rxc6 h4 19. Rxc7 Qd8 20. Nc6 Qf6 21. Bd6 Rfe8 22. Nd4 Bc8 23. Bc5 Qe5 24. Rxa7 Rxa7 25. Bxa7 h3 26. Bxg4 Qg5 27. gxh3 f5 28. Nxf5 Bxf5 29. Qxd5+ Kh7 30. Qxf5 Qxf5 31. Bxf5 Ra8 32. Bd4 Bxd4 33. exd4 Rxa2 34. Rd1 1-0

[Event "Canadian op"]
[Site "Toronto"]
[Date "2010.07.10"]
[Round "1"]
[White "Cummings, David H"]
[Black "Sankalp, Modwal"]
[Result "1/2-1/2"]
[WhiteElo "2375"]
[BlackElo "2177"]
[PlyCount "142"]
[EventDate "2010.07.10"]
[EventType "swiss"]
[EventRounds "9"]
[EventCountry "CAN"]
[SourceTitle "CBM 137 Extra"]
[Source "ChessBase"]
[SourceDate "2010.09.01"]
[SourceVersion "1"]
[SourceVersionDate "2010.09.01"]
[SourceQuality "1"]

1. c4 Nf6 2. Nf3 e6 3. g3 b6 4. Bg2 Bb7 5. 0-0 Be7 6. Nc3 0-0 7. Re1 c5 8. e4 d6 9. d4 cxd4 10. Nxd4 Qc8 11. Be3 Nc6 12. Rc1 Nxd4 13. Bxd4 Rd8 14. Qe2 Ne8 15. f4 Bf6 16. Bf2 Qc6 17. Nb5 a6 18. Nd4 Bxd4 19. Bxd4 e5 20. Bf2 exf4 21. gxf4 f5 22. Qf1 fxe4 23. Bxe4 Qc7 24. Bxb7 Qxb7 25. Qg2 Ra7 26. Rc2 Qxg2+ 27. Kxg2 Rb7 28. Rce2 Kf7 29. Kf3 Nf6 30. Rd1 Rdd7 31. Red2 Ke6 32. f5+ Ke7 33. Bd4 Ne8 34. Re1+ Kf7 35. Rde2 Rd8 36. Re6 Nf6 37. Bxf6 gxf6 38. Rd1 Rbd7 39. Rd5 Kg7 40. b3 Kf7 41. b4 Kg7 42. Ke3 b5 43. cxb5 axb5 44. Kd4 Ra8 45. Rexd6 Rxd6 46. Rxd6 Rxa2 47. Kd5 Rd2+ 48. Kc5 Rxh2 49. Kxb5 Rf2 50. Kc6 Rxf5 51. b5 Rf2 52. Rd5 Rc2+ 53. Rc5 Re2 54. b6 Kg6 55. b7 Re8 56. Kb6 Rb8 57. Ka7 Rxb7+ 58. Kxb7 h5 59. Kc6 h4 60. Kd6 f5 61. Ke5 Kg5 62. Rc8 Kg4 63. Rg8+ Kf3 64. Rh8 Kg3 65. Kxf5 h3 66. Rg8+ Kf3 67. Rb8 h2 68. Rb1 Kg2 69. Rb2+ Kg1 70. Kg4 h1Q 71. Rb1+ Kh2 1/2-1/2

[Event "Quebec-ch U20"]
[Site "Montreal"]
[Date "2010.03.14"]
[Round "5"]
[White "Sankalp, Modwal"]
[Black "Sprumont, Oscar"]
[Result "1-0"]
[WhiteElo "2233"]
[BlackElo "1631"]
[PlyCount "46"]
[EventDate "2010.03.12"]
[EventType "swiss"]
[EventRounds "5"]
[EventCountry "CAN"]
[SourceTitle "EXT 2013"]
[Source "ChessBase"]
[SourceDate "2012.11.22"]
[SourceVersion "1"]
[SourceVersionDate "2012.11.22"]
[SourceQuality "1"]

1. e4 e5 2. Nf3 Nc6 3. Bc4 Bc5 4. c3 Nf6 5. d3 d6 6. Nbd2 0-0 7. 0-0 Na5 8. Bb5 c6 9. Ba4 b5 10. Bc2 Bb6 11. Re1 Re8 12. Nf1 Nb7 13. Ng3 Bd7 14. Be3 Ng4 15. Bxb6 Qxb6 16. Qe2 Rf8 17. h3 Nh6 18. d4 exd4 19. cxd4 c5 20. e5 cxd4 21. Qe4 g6 22. Qh4 Kg7 23. Nh5+ gxh5 1-0

[Event "Quebec op U2400"]
[Site "Montreal"]
[Date "2009.07.23"]
[Round "7"]
[White "Sankalp, Modwal"]
[Black "Zozulia, Anna"]
[Result "1-0"]
[WhiteElo "2147"]
[BlackElo "2341"]
[PlyCount "53"]
[EventDate "2009.07.18"]
[EventType "swiss"]
[EventRounds "9"]
[EventCountry "CAN"]
[SourceTitle "EXT 2011"]
[Source "ChessBase"]
[SourceDate "2010.11.26"]
[SourceVersion "1"]
[SourceVersionDate "2010.11.26"]
[SourceQuality "1"]

1. e4 c5 2. Nf3 Nc6 3. d4 cxd4 4. Nxd4 e5 5. Nb5 d6 6. N1c3 a6 7. Na3 Be6 8. Nc4 Rc8 9. Ne3 Nf6 10. g3 Be7 11. Bg2 0-0 12. 0-0 b5 13. a3 Nd7 14. f4 exf4 15. gxf4 Nf6 16. Kh1 Re8 17. b3 Bd7 18. Bb2 Bf8 19. Ncd5 Nxe4 20. Bxe4 Rxe4 21. Rg1 Rxe3 22. Nf6+ Kh8 23. Qh5 Rh3 24. Qxf7 Ne7 25. Nxd7 Ng6 26. Nf6 Be7 27. Nh5 1-0

[Event "Quebec op U2400"]
[Site "Montreal"]
[Date "2009.07.22"]
[Round "6"]
[White "Wenaas, Eric"]
[Black "Sankalp, Modwal"]
[Result "0-1"]
[WhiteElo "2171"]
[BlackElo "2147"]
[PlyCount "94"]
[EventDate "2009.07.18"]
[EventType "swiss"]
[EventRounds "9"]
[EventCountry "CAN"]
[SourceTitle "EXT 2011"]
[Source "ChessBase"]
[SourceDate "2010.11.26"]
[SourceVersion "1"]
[SourceVersionDate "2010.11.26"]
[SourceQuality "1"]

1. c4 Nf6 2. Nf3 e6 3. Nc3 Bb4 4. Qc2 b6 5. g3 Bb7 6. Bg2 0-0 7. 0-0 Re8 8. d3 Bf8 9. e4 d6 10. d4 Nbd7 11. Rd1 c5 12. e5 cxd4 13. exf6 Bxf3 14. Bxf3 dxc3 15. Qxc3 Rc8 16. fxg7 Bxg7 17. Qa3 Ne5 18. Be2 Nxc4 19. Bxc4 Rxc4 20. Qxd6 Qxd6 21. Rxd6 Rd4 22. Rxd4 Bxd4 23. Bh6 Rc8 24. Rd1 e5 25. Rd2 Rc6 26. Bg5 Kg7 27. Kg2 Kg6 28. Bd8 f6 29. f4 Kf7 30. fxe5 Bxe5 31. g4 h6 32. h4 Rc8 33. g5 hxg5 34. hxg5 fxg5 35. Kf3 Bxb2 36. Bxg5 Bc1 37. Rg2 Bxg5 38. Rxg5 Rc3+ 39. Ke4 Rc2 40. a3 Rc3 41. Rf5+ Ke6 42. Re5+ Kd6 43. Rd5+ Kc6 44. Rd3 Rxd3 45. Kxd3 Kd5 46. Kc3 a5 47. Kd3 b5 0-1

[Event "Quebec op U2400"]
[Site "Montreal"]
[Date "2009.07.21"]
[Round "5"]
[White "Rousseau, Daniel"]
[Black "Sankalp, Modwal"]
[Result "0-1"]
[WhiteElo "2078"]
[BlackElo "2147"]
[PlyCount "86"]
[EventDate "2009.07.18"]
[EventType "swiss"]
[EventRounds "9"]
[EventCountry "CAN"]
[SourceTitle "EXT 2011"]
[Source "ChessBase"]
[SourceDate "2010.11.26"]
[SourceVersion "1"]
[SourceVersionDate "2010.11.26"]
[SourceQuality "1"]

1. e4 c5 2. Nf3 d6 3. d4 cxd4 4. Nxd4 Nf6 5. Nc3 Nc6 6. Bg5 e6 7. Qd2 Be7 8. 0-0-0 Nxd4 9. Qxd4 0-0 10. e5 dxe5 11. Qxe5 Qb6 12. Be3 Ng4 13. Bxb6 Nxe5 14. Bc7 Ng4 15. Bg3 Nf6 16. Be2 Bd7 17. Bf3 Bc6 18. Bxc6 bxc6 19. Bd6 Bxd6 20. Rxd6 Rfc8 21. Rhd1 Kf8 22. R6d4 Ke7 23. Rc4 Rab8 24. Na4 Nd7 25. Rh4 h6 26. c4 c5 27. b3 Nb6 28. Nc3 Rd8 29. Rh5 Rxd1+ 30. Kxd1 f5 31. Rh3 e5 32. Rd3 e4 33. Rd2 a6 34. Nd5+ Nxd5 35. Rxd5 Rd8 36. Rxd8 Kxd8 37. Kd2 f4 38. Kc3 a5 39. a3 Kd7 40. h4 g5 41. hxg5 hxg5 42. g3 e3 43. fxe3 fxg3 0-1

[Event "Quebec op U2400"]
[Site "Montreal"]
[Date "2009.07.20"]
[Round "4"]
[White "Sankalp, Modwal"]
[Black "Wilkin, Alain"]
[Result "1-0"]
[WhiteElo "2147"]
[BlackElo "1928"]
[PlyCount "121"]
[EventDate "2009.07.18"]
[EventType "swiss"]
[EventRounds "9"]
[EventCountry "CAN"]
[SourceTitle "EXT 2011"]
[Source "ChessBase"]
[SourceDate "2010.11.26"]
[SourceVersion "1"]
[SourceVersionDate "2010.11.26"]
[SourceQuality "1"]

1. e4 c5 2. Nf3 e6 3. d4 cxd4 4. Nxd4 a6 5. Nc3 Qc7 6. Be3 Bb4 7. Qd2 Nf6 8. f3 d5 9. Nde2 dxe4 10. a3 Be7 11. fxe4 Nc6 12. Nd4 Nxd4 13. Bxd4 e5 14. Be3 Be6 15. Bd3 0-0 16. h3 b5 17. 0-0 Bc5 18. Kh1 Bxe3 19. Qxe3 Nd7 20. Rf3 Qc5 21. Qg5 f6 22. Qh4 Rf7 23. Raf1 Re8 24. Qh5 g6 25. Rg3 Rg7 26. Qh6 Qe7 27. Rgf3 Rf8 28. Qe3 Rgf7 29. Qa7 b4 30. axb4 Qxb4 31. Qxa6 Nc5 32. Qa3 Nxd3 33. cxd3 Qxa3 34. bxa3 Kg7 35. a4 Ra8 36. Ra1 Ra5 37. Nb5 Rd7 38. Ra3 f5 39. Kg1 h6 40. Re3 Kf6 41. Re1 fxe4 42. dxe4 Bc4 43. Nc3 Rd2 44. Rd1 Rxd1+ 45. Nxd1 Ke7 46. Nb2 Be6 47. Kf2 Kf6 48. h4 Ke7 49. Ke3 g5 50. hxg5 hxg5 51. Rc3 Ra6 52. Rc5 Kd6 53. Rb5 g4 54. a5 Rc6 55. Rb6 Kc7 56. Rxc6+ Kxc6 57. Nd3 Kd6 58. a6 Bc8 59. a7 Bb7 60. g3 Ba8 61. Nf2 1-0

[Event "Budapest FS05 IM"]
[Site "Budapest"]
[Date "2008.05.14"]
[Round "12"]
[White "Sankalp, Modwal"]
[Black "Tate, Alan"]
[Result "1-0"]
[WhiteElo "2138"]
[BlackElo "2167"]
[PlyCount "59"]
[EventDate "2008.05.03"]
[EventType "tourn"]
[EventRounds "13"]
[EventCountry "HUN"]
[EventCategory "1"]
[SourceTitle "CBM 124 Extra"]
[Source "ChessBase"]
[SourceDate "2008.07.03"]
[SourceVersion "1"]
[SourceVersionDate "2008.07.03"]
[SourceQuality "1"]

1. e4 e5 2. Nf3 Nc6 3. Bc4 Bc5 4. c3 Nf6 5. d3 a6 6. Bb3 Ba7 7. h3 d6 8. Nbd2 Ne7 9. 0-0 Ng6 10. Re1 h6 11. Nf1 0-0 12. d4 Nh7 13. Be3 Qe7 14. Qd2 Be6 15. Ng3 Rad8 16. Rad1 Bb6 17. Qc1 Qf6 18. Nh2 Qe7 19. Bxh6 Bxb3 20. axb3 gxh6 21. Qxh6 f6 22. Qxg6+ Kh8 23. Ng4 Rg8 24. Nf5 Qe6 25. d5 Rxg6 26. dxe6 Re8 27. e7 Kg8 28. h4 Kf7 29. h5 Rgg8 30. Ngh6+ 1-0

[Event "Budapest FS05 IM"]
[Site "Budapest"]
[Date "2008.05.13"]
[Round "11"]
[White "Zimmerman, Yuri"]
[Black "Sankalp, Modwal"]
[Result "1-0"]
[WhiteElo "2332"]
[BlackElo "2138"]
[PlyCount "57"]
[EventDate "2008.05.03"]
[EventType "tourn"]
[EventRounds "13"]
[EventCountry "HUN"]
[EventCategory "1"]
[SourceTitle "CBM 124 Extra"]
[Source "ChessBase"]
[SourceDate "2008.07.03"]
[SourceVersion "1"]
[SourceVersionDate "2008.07.03"]
[SourceQuality "1"]

1. d4 Nf6 2. c4 e6 3. Nf3 b6 4. a3 Bb7 5. Nc3 d5 6. Qc2 Be7 7. cxd5 Nxd5 8. Nxd5 exd5 9. Bf4 Bd6 10. Bxd6 Qxd6 11. e3 Nd7 12. Rc1 c6 13. Bd3 h6 14. 0-0 0-0 15. Bh7+ Kh8 16. Bf5 Rfd8 17. b4 Rac8 18. Qa4 a5 19. Ne5 Nxe5 20. dxe5 Qxe5 21. Bxc8 Rxc8 22. bxa5 c5 23. Qd7 Rc7 24. Qd8+ Kh7 25. axb6 Rc6 26. Qd7 Rg6 27. Qxb7 Rxg2+ 28. Kxg2 Qg5+ 29. Kh1 1-0

[Event "Budapest FS05 IM"]
[Site "Budapest"]
[Date "2008.05.09"]
[Round "7"]
[White "Farago, Sandor"]
[Black "Sankalp, Modwal"]
[Result "1/2-1/2"]
[WhiteElo "2240"]
[BlackElo "2138"]
[PlyCount "136"]
[EventDate "2008.05.03"]
[EventType "tourn"]
[EventRounds "13"]
[EventCountry "HUN"]
[EventCategory "1"]
[SourceTitle "CBM 124 Extra"]
[Source "ChessBase"]
[SourceDate "2008.07.03"]
[SourceVersion "1"]
[SourceVersionDate "2008.07.03"]
[SourceQuality "1"]

1. e4 c5 2. Nf3 d6 3. d4 cxd4 4. Nxd4 Nf6 5. Nc3 Nc6 6. Be2 e5 7. Nb3 Be7 8. Be3 Be6 9. Bf3 a5 10. Nd5 Bxd5 11. exd5 Nb4 12. c3 Na6 13. a4 b6 14. 0-0 0-0 15. Be2 Nd7 16. f3 Qc8 17. Nd2 Qb7 18. Bb5 Rac8 19. Nc4 f5 20. Bxd7 Rxc4 21. Be6+ Kh8 22. Qd3 Rh4 23. Bxf5 Nc5 24. Bxc5 bxc5 25. g3 Rh6 26. Rf2 Bd8 27. Kg2 c4 28. Qe4 Bb6 29. Rff1 Qf7 30. Bg4 Qc7 31. f4 Rhf6 32. fxe5 dxe5 33. Rxf6 Rxf6 34. Bf3 h6 35. Rf1 Ba7 36. Be2 Rxf1 37. Bxf1 Qb6 38. Bxc4 Qxb2+ 39. Kh3 Bg1 40. Be2 Qxc3 41. Bd3 Kg8 42. d6 Qc8+ 43. Kg2 Bd4 44. Qh7+ Kf7 45. Qg6+ Kf8 46. Bf5 Qc6+ 47. Kh3 Qe8 48. Qg4 Qd8 49. d7 Qf6 50. Qe4 Ke7 51. Qd3 Qd6 52. Qb5 g6 53. d8Q+ Qxd8 54. Bxg6 Kf6 55. Be4 Qe7 56. Qb8 Qe6+ 57. g4 Kg5 58. Bf3 h5 59. Qd8+ Qf6 60. Qxf6+ Kxf6 61. gxh5 Kg5 62. Be2 Kf4 63. Kg2 e4 64. Bb5 Ke3 65. Kf1 Bf6 66. Be2 Bh4 67. Bb5 Kd2 68. Be2 e3 1/2-1/2

[Event "Budapest FS05 IM"]
[Site "Budapest"]
[Date "2008.05.08"]
[Round "6"]
[White "Sankalp, Modwal"]
[Black "Kahn, Evarth"]
[Result "0-1"]
[WhiteElo "2138"]
[BlackElo "2358"]
[PlyCount "156"]
[EventDate "2008.05.03"]
[EventType "tourn"]
[EventRounds "13"]
[EventCountry "HUN"]
[EventCategory "1"]
[SourceTitle "CBM 124 Extra"]
[Source "ChessBase"]
[SourceDate "2008.07.03"]
[SourceVersion "1"]
[SourceVersionDate "2008.07.03"]
[SourceQuality "1"]

1. e4 c5 2. Nf3 d6 3. d4 cxd4 4. Nxd4 Nf6 5. Nc3 g6 6. Bc4 Bg7 7. h3 0-0 8. Bb3 Nc6 9. Be3 Bd7 10. 0-0 Rc8 11. f4 a6 12. Qf3 b5 13. a3 Qc7 14. Rad1 Na5 15. g4 Qb7 16. g5 Nxb3 17. gxf6 Nxd4 18. Bxd4 exf6 19. Nd5 Bc6 20. Nxf6+ Bxf6 21. Bxf6 Bxe4 22. Qg3 Rxc2 23. Rf2 Rxf2 24. Qxf2 d5 25. Rc1 Qd7 26. Rc3 h5 27. Qd4 Kh7 28. Qc5 Qf5 29. Qd6 Kg8 30. Kh2 Qe6 31. Rc6 Qxd6 32. Rxd6 Ra8 33. Kg3 Kf8 34. Rd8+ Rxd8 35. Bxd8 Ke8 36. Bb6 Kd7 37. h4 Ke6 38. Kf2 Kf5 39. Ke3 g5 40. fxg5 Kg4 41. g6 Bxg6 42. Bd8 f5 43. Bf6 f4+ 44. Kf2 Kf5 45. Bd8 Ke4 46. Ke2 Bf5 47. Bc7 Bg4+ 48. Kd2 Kf3 49. Bd6 Bf5 50. Be5 Be4 51. Bd6 Kg4 52. Ke2 f3+ 53. Kf2 Kxh4 54. Be5 Kg4 55. Kg1 h4 56. Kf2 h3 57. Ke3 d4+ 58. Kf2 Bc2 59. Kg1 d3 60. Bc3 d2 61. Bxd2 Be4 62. Be3 Kg3 63. Bf2+ Kf4 64. Bb6 Bf5 65. Kf2 Ke4 66. Bc7 a5 67. Bd6 Bg4 68. Bc7 Kd3 69. Be5 Kc2 70. Kg3 Kd1 71. Kf2 Kc1 72. Kg3 Kc2 73. Kf2 h2 74. Bxh2 Kxb2 75. Bd6 Kb3 76. Kg3 b4 77. axb4 axb4 78. Bc5 Kc4 0-1

[Event "Budapest FS05 IM"]
[Site "Budapest"]
[Date "2008.05.07"]
[Round "5"]
[White "Sankalp, Modwal"]
[Black "Pasalic, Harun"]
[Result "1/2-1/2"]
[WhiteElo "2138"]
[BlackElo "2215"]
[PlyCount "47"]
[EventDate "2008.05.03"]
[EventType "tourn"]
[EventRounds "13"]
[EventCountry "HUN"]
[EventCategory "1"]
[SourceTitle "CBM 124 Extra"]
[Source "ChessBase"]
[SourceDate "2008.07.03"]
[SourceVersion "1"]
[SourceVersionDate "2008.07.03"]
[SourceQuality "1"]

1. e4 c5 2. Nf3 Nc6 3. d4 cxd4 4. Nxd4 g6 5. Nc3 Bg7 6. Be3 Nf6 7. h3 0-0 8. Bc4 e6 9. Bb3 d5 10. exd5 Nxd5 11. Nxd5 exd5 12. 0-0 Na5 13. Qd3 a6 14. c3 b5 15. Rad1 Nc4 16. Qc2 Qh4 17. Qe2 Qe4 18. Rfe1 Re8 19. Bc2 Qe7 20. Bc1 Qxe2 21. Rxe2 Bd7 22. Rxe8+ Rxe8 23. Kf1 Bf6 24. Bb3 1/2-1/2

[Event "Budapest FS05 IM"]
[Site "Budapest"]
[Date "2008.05.04"]
[Round "2"]
[White "Liu, Qingnan"]
[Black "Sankalp, Modwal"]
[Result "1-0"]
[WhiteElo "2344"]
[BlackElo "2138"]
[PlyCount "79"]
[EventDate "2008.05.03"]
[EventType "tourn"]
[EventRounds "13"]
[EventCountry "HUN"]
[EventCategory "1"]
[SourceTitle "CBM 124 Extra"]
[Source "ChessBase"]
[SourceDate "2008.07.03"]
[SourceVersion "1"]
[SourceVersionDate "2008.07.03"]
[SourceQuality "1"]

1. e4 c5 2. Nf3 d6 3. d4 cxd4 4. Nxd4 Nf6 5. Nc3 Nc6 6. Bg5 e6 7. Qd2 Be7 8. 0-0-0 Nxd4 9. Qxd4 0-0 10. f3 a6 11. h4 Qc7 12. h5 h6 13. Bh4 b5 14. g4 Rb8 15. a3 b4 16. axb4 e5 17. Qd2 Be6 18. Bxf6 Bxf6 19. Qxd6 Qa7 20. Qc5 Qb7 21. Nd5 Bxd5 22. exd5 Rfc8 23. Qa5 Bd8 24. Qa4 Bg5+ 25. Kb1 Qxb4 26. Qxb4 Rxb4 27. Rh2 Be3 28. Bxa6 Rc5 29. d6 Rd4 30. Rxd4 exd4 31. d7 Rd5 32. Bb5 Bg5 33. Ba4 Ra5 34. b3 Re5 35. Rd2 Rd5 36. Rd3 Kf8 37. c4 Rd6 38. c5 Rd5 39. f4 Bxf4 40. Bc6 1-0

[Event "New Delhi Parsvnath op 6th"]
[Site "New Delhi"]
[Date "2008.01.19"]
[Round "9"]
[White "Sankalp, Modwal"]
[Black "Ghane Gardeh, Shojaat"]
[Result "0-1"]
[WhiteElo "2147"]
[BlackElo "2442"]
[PlyCount "61"]
[EventDate "2008.01.13"]
[EventType "swiss"]
[EventRounds "10"]
[EventCountry "IND"]
[SourceTitle "CBM 122 Extra"]
[Source "ChessBase"]
[SourceDate "2008.03.04"]
[SourceVersion "1"]
[SourceVersionDate "2008.03.04"]
[SourceQuality "1"]

1. e4 e6 2. d4 d5 3. Nc3 Nc6 4. e5 Nge7 5. Nf3 Nf5 6. h4 Bb4 7. h5 a6 8. h6 Nxh6 9. Bxh6 gxh6 10. Rxh6 Bf8 11. Rh5 Qe7 12. Qd2 Bd7 13. 0-0-0 0-0-0 14. g4 f6 15. g5 fxe5 16. Nxe5 Nxe5 17. dxe5 Bg7 18. f4 h6 19. g6 Rhf8 20. Bd3 c5 21. Rg1 Kb8 22. Qh2 Bc6 23. Qh4 Qc7 24. Nd1 c4 25. Bf1 d4 26. Nf2 Bf3 27. Rxh6 d3 28. Kd2 Bxh6 29. Qxh6 Qc5 30. Qh4 dxc2+ 31. Kxc2 0-1

[Event "Budapest FS05 IM"]
[Site "Budapest"]
[Date "2007.05.14"]
[Round "10"]
[White "Werner, Dimo"]
[Black "Sankalp, Modwal"]
[Result "1/2-1/2"]
[WhiteElo "2358"]
[BlackElo "2164"]
[PlyCount "64"]
[EventDate "2007.05.05"]
[EventType "tourn"]
[EventRounds "11"]
[EventCountry "HUN"]
[EventCategory "1"]
[SourceTitle "CBM 118 Extra"]
[Source "ChessBase"]
[SourceDate "2007.07.04"]
[SourceVersion "1"]
[SourceVersionDate "2007.07.04"]
[SourceQuality "1"]

1. d4 Nf6 2. Nf3 e6 3. e3 b6 4. Bd3 Bb7 5. 0-0 Be7 6. Nbd2 c5 7. b3 0-0 8. Bb2 Qc7 9. c4 d6 10. Qe2 Nbd7 11. Rad1 Rac8 12. Ng5 h6 13. Nh3 cxd4 14. Bxd4 e5 15. Bb2 d5 16. e4 dxc4 17. Bxc4 Nc5 18. f3 a6 19. a4 Rcd8 20. Nf2 Rd7 21. Nb1 Rfd8 22. Rxd7 Rxd7 23. Rc1 Qb8 24. Rd1 Rxd1+ 25. Qxd1 Qd6 26. Nc3 Ne6 27. Nd3 Nc7 28. Ne2 b5 29. Bxe5 Qd7 30. axb5 axb5 31. Bd5 Ncxd5 32. exd5 Qxd5 1/2-1/2

[Event "Budapest FS05 IM"]
[Site "Budapest"]
[Date "2007.05.10"]
[Round "6"]
[White "Sankalp, Modwal"]
[Black "Mayer, Istvan"]
[Result "1-0"]
[WhiteElo "2164"]
[BlackElo "2186"]
[PlyCount "73"]
[EventDate "2007.05.05"]
[EventType "tourn"]
[EventRounds "11"]
[EventCountry "HUN"]
[EventCategory "1"]
[SourceTitle "CBM 118 Extra"]
[Source "ChessBase"]
[SourceDate "2007.07.04"]
[SourceVersion "1"]
[SourceVersionDate "2007.07.04"]
[SourceQuality "1"]

1. e4 e6 2. d4 d5 3. Nc3 Bb4 4. e5 c5 5. Bd2 cxd4 6. Nb5 Bf8 7. Nf3 Nc6 8. Nbxd4 Nge7 9. Bd3 Nxd4 10. Nxd4 Nc6 11. Nf3 Qc7 12. Qe2 Bd7 13. 0-0 h6 14. a3 g5 15. Bc3 Bg7 16. Rfe1 a6 17. a4 0-0 18. h4 g4 19. Nd4 Nxe5 20. Nxe6 Bxe6 21. Bxe5 Bxe5 22. Qxe5 Qxe5 23. Rxe5 Kg7 24. c3 Rac8 25. Rd1 Rfd8 26. Be2 Rd6 27. Kh2 Kf6 28. Re3 h5 29. Kg3 Bd7 30. Rd4 Re8 31. Rxe8 Bxe8 32. f3 Ke5 33. fxg4 hxg4 34. Rxg4 f5 35. Rg7 f4+ 36. Kf2 Rb6 37. Re7+ 1-0

[Event "Budapest FS05 IM"]
[Site "Budapest"]
[Date "2007.05.08"]
[Round "4"]
[White "Sankalp, Modwal"]
[Black "Mueller, Markus"]
[Result "1-0"]
[WhiteElo "2164"]
[BlackElo "2147"]
[PlyCount "89"]
[EventDate "2007.05.05"]
[EventType "tourn"]
[EventRounds "11"]
[EventCountry "HUN"]
[EventCategory "1"]
[SourceTitle "CBM 118 Extra"]
[Source "ChessBase"]
[SourceDate "2007.07.04"]
[SourceVersion "1"]
[SourceVersionDate "2007.07.04"]
[SourceQuality "1"]

1. e4 c5 2. Nc3 e6 3. f4 Nc6 4. Nf3 a6 5. d3 d5 6. g3 b5 7. Bg2 dxe4 8. Nxe4 Bb7 9. Be3 Qb6 10. Qd2 Nf6 11. Nxf6+ gxf6 12. f5 e5 13. a4 Nd4 14. 0-0 bxa4 15. Bxd4 cxd4 16. Rxa4 Be7 17. Re1 Rc8 18. b3 Bc6 19. Rc4 Bd7 20. Rxc8+ Bxc8 21. Qh6 Qc7 22. Re2 Bxf5 23. Nh4 Be6 24. Qg7 Rf8 25. Qxh7 Qc3 26. Nf5 Qa1+ 27. Kf2 Kd7 28. Ng7 Qa5 29. Qe4 Qc7 30. h4 Rg8 31. Nxe6 fxe6 32. g4 f5 33. gxf5 Rf8 34. Bh3 a5 35. Kg1 exf5 36. Bxf5+ Ke8 37. Qxe5 Rg8+ 38. Kf1 Qxe5 39. Rxe5 Kf8 40. Rxa5 Bxh4 41. Ra8+ Kg7 42. Rxg8+ Kxg8 43. Ke2 Be7 44. Kf3 Kf7 45. Ke4 1-0

[Event "Asia-ch U14"]
[Site "Singapore"]
[Date "2004.12.18"]
[Round "9"]
[White "Sankalp, Modwal"]
[Black "Tan, Shihao Sean"]
[Result "1/2-1/2"]
[WhiteElo "2028"]
[BlackElo "2091"]
[PlyCount "112"]
[EventDate "2004.12.11"]
[EventType "swiss"]
[EventRounds "9"]
[EventCountry "SIN"]
[SourceTitle "CBM 103 Extra"]
[Source "ChessBase"]
[SourceDate "2005.01.01"]
[SourceVersion "1"]
[SourceVersionDate "2005.01.01"]
[SourceQuality "1"]

1. e4 e6 2. d4 d5 3. Nc3 Nf6 4. Bg5 Be7 5. e5 Nfd7 6. Bxe7 Qxe7 7. f4 a6 8. Nf3 c5 9. Qd2 Nc6 10. dxc5 Nxc5 11. 0-0-0 b5 12. Kb1 Bb7 13. Bd3 g6 14. g4 0-0-0 15. Qf2 Kb8 16. Rhe1 h5 17. g5 Rc8 18. Nd4 Qd8 19. Nxc6+ Rxc6 20. Ne2 Qa5 21. Nd4 Rc7 22. Qd2 Qxd2 23. Rxd2 Rhc8 24. Nb3 Nxb3 25. axb3 b4 26. h4 Ka7 27. Kc1 Kb6 28. Kd1 a5 29. Ke2 Ba6 30. Bxa6 Kxa6 31. Kd3 Kb5 32. Ra1 Ra8 33. Rdd1 a4 34. Rxa4 Rxa4 35. bxa4+ Kxa4 36. Ra1+ Kb5 37. Rd1 Rc4 38. Rf1 Kc5 39. Rf3 Rd4+ 40. Ke2 Re4+ 41. Kf2 Kd4 42. Rd3+ Kc5 43. Rf3 d4 44. c3 dxc3 45. bxc3 bxc3 46. Rxc3+ Kb4 47. Rf3 Rc4 48. Ke1 Kc5 49. Kf2 Kd4 50. Re3 Rc1 51. Ra3 Ke4 52. Ra7 Rc2+ 53. Kg3 Rc3+ 54. Kg2 Kxf4 55. Rxf7+ Kxe5 56. Rf6 Re3 1/2-1/2